00566nam a2200193 a 4500001001300000003000900013005001700022008004100039020002300080082002000103100002100123245008200144260004400226300001000270500003500280505001000315650002600325700002100351nice12345678IN_TiNIC20260116014725.0140128s2013 lona grp 000 0 eng  a0198090404 c85000a305.80954bROB1 aRobinson, Rowena aBoundaries of Religionb Essays on Christianity, Ethnic Conflict and Violence aLondan bOxford University Press c2013 a299p  aincludes index and biblioraphy2 aindex aEthnic Conflict-India1 aRobinson, Rowena